| 000 | 00775nam a22002417a 4500 | ||
|---|---|---|---|
| 005 | 20220202080550.0 | ||
| 008 | 220202s2000 sp |||gr|||| 00| 0 spa d | ||
| 020 | _a8430603735 | ||
| 040 |
_aCO-BoUCM _bspa _cDeissy Garcia _dDeissy Garcia |
||
| 041 | 0 | _aspa | |
| 100 | 1 |
_9173115 _aVallespín Oña, Fernando |
|
| 245 | 1 | 3 |
_aEl futuro de la política _cFernando Vallespín |
| 260 |
_aMadrid _bTauros _c2000 |
||
| 300 | _a239 páginas | ||
| 490 | 0 | _aPensamiento | |
| 504 | _aIncluye referencias bibliográficas | ||
| 650 | 7 |
_aCiencia política _xHistoria _ySiglo XX _984832 |
|
| 650 | 7 |
_aFilosofía política _915841 |
|
| 650 | 7 |
_aEstado _97594 |
|
| 650 | 7 |
_aDemocracia _912617 |
|
| 942 |
_2DEWEY _a6 _cLIBRO _e1 _h320.01 _mV185f _n0 |
||
| 999 |
_c320453 _d320453 |
||